[Event "35th European Club Cup 2019"]
[Site "Ulcinj"]
[Date "2019.11.15"]
[Round "6.4"]
[White "Repplinger, Marc"]
[Black "Huzman, Alexander"]
[Result "0-1"]
[WhiteElo "2211"]
[BlackElo "2577"]
[Annotator "ChessBase"]
[PlyCount "70"]
[EventDate "2019.11.10"]
[EventType "team-tourn"]
[EventCountry "MNE"]
[SourceTitle "playchess.com"]
[Source "ChessBase"]
[SourceQuality "1"]
[WhiteTeam "De Sprenger Echternach"]
[BlackTeam "Beer Sheva"]
[TimeControl "40/5400+30:1800+30"]

1. e4 {[%emt 0:00:00]} d6 {[%emt 0:01:01]} 2. d4 {[%emt 0:00:00]} Nf6 {[%emt 0:00:32]} 3. Nc3 {[%emt 0:00:00]} g6 {[%emt 0:00:07]} 4. g3 {[%emt 0:00:08]} Bg7 {[%emt 0:09:37]} 5. Bg2 {[%emt 0:00:15]} O-O {[%emt 0:00:47]} 6. Nge2 {[%emt 0:00:00]} Nbd7 {[%emt 0:01:36]} 7. O-O {[%emt 0:03:44]} c5 {[%emt 0:00:49]} 8. h3 {[%emt 0:02:16]} Rb8 {[%emt 0:00:33]} 9. Be3 {[%emt 0:06:02]} b6 {[%emt 0:12:03]} 10. Re1 {[%emt 0:12:06]} Bb7 {[%emt 0:05:51]} 11. d5 {[%emt 0:16:30]} a6 {[%emt 0:02:59]} 12. Qd2 {[%emt 0:05:55]} b5 {[%emt 0:02:14]} 13. Bh6 {[%emt 0:00:51]} Bxh6 {[%emt 0:07:37]} 14. Qxh6 {[%emt 0:00:08]} e5 {[%emt 0:00:06]} 15. g4 {[%emt 0:11:57]} Ne8 {[%emt 0:02:23]} 16. Ng3 {[%emt 0:01:23]} Ng7 {[%emt 0:00:26]} 17. Re3 {[%emt 0:05:03]} Kh8 {[%emt 0:02:46]} 18. Rf3 {[%emt 0:01:00]} Nf6 {[%emt 0:01:47]} 19. Qg5 {[%emt 0:04:19]} Ng8 {[%emt 0:07:07]} 20. Qxd8 {[%emt 0:00:24]} Rbxd8 {[%emt 0:00:07]} 21. a4 {[%emt 0:00:15]} b4 {[%emt 0:00:40]} 22. Nd1 {[%emt 0:00:19]} Bc8 {[%emt 0:00:02]} 23. Ne3 {[%emt 0:00:24]} h5 {[%emt 0:00:10]} 24. gxh5 {[%emt 0:09:05]} f5 {[%emt 0:00:43]} 25. Nc4 {[%emt 0:01:58]} f4 {[%emt 0:09:25]} 26. Nf1 {[%emt 0:00:26]} Nf6 {[%emt 0:00:27]} 27. Nfd2 {[%emt 0:01:48]} g5 {[%emt 0:08:19]} 28. Rd3 {[%emt 0:00:33]} Ngxh5 {[%emt 0:02:31]} 29. Nb6 {[%emt 0:02:22]} f3 {[%emt 0:02:37]} 30. Rxf3 {[%emt 0:03:09]} g4 {[%emt 0:01:46]} 31. Re3 {[%emt 0:00:27]} gxh3 {[%emt 0:00:24]} 32. Bxh3 {[%emt 0:01:59]} Rg8+ {[%emt 0:01:05]} 33. Kh1 {[%emt 0:03:59]} Bg4 {[%emt 0:04:12]} 34. Bg2 {[%emt 0:03:49]} Nf4 {[%emt 0:02:09]} 35. f3 {[%emt 0:00:48]} Bc8 0-1

[Event "35th European Club Cup 2019"]
[Site "Ulcinj"]
[Date "2019.11.15"]
[Round "6.5"]
[White "Rodshtein, Maxim"]
[Black "Jones, Gawain C B"]
[Result "0-1"]
[WhiteElo "2653"]
[BlackElo "2663"]
[Annotator "TA"]
[PlyCount "112"]
[EventDate "2019.11.10"]
[EventType "team-tourn"]
[EventCountry "MNE"]
[SourceTitle "playchess.com"]
[Source "ChessBase"]
[SourceQuality "1"]
[WhiteTeam "Mednyi Vsadnik"]
[BlackTeam "Padova"]

{[%evp 19,112,22,44,21,27,12,46,41,46,42,52,56,52,26,62,66,60,51,50,56,66,29,52,56,41,51,56,47,65,56,55,23,51,63,56,67,78,79,54,0,24,13,0,0,0,0,94,51,127,0,206,204,434,303,320,317,345,0,164,0,357,365,348,347,368,384,377,363,356,360,360,345,313,270,175,0,0,0,0,0,0,0,0,0,0,0,0,0,0,-29985,-29986,-29986,-29987,-29987,-29988]} 1. d4 Nf6 2. c4 g6 3. Nc3 d5 4. cxd5 Nxd5 5. e4 Nxc3 6. bxc3 Bg7 7. Bc4 c5 8. Ne2 O-O 9. O-O Nc6 10. Be3 b6 11. Rc1 {D87: Exchange Grünfeld: Classical Line: Variations without ...cxd4} (11. dxc5 Qc7 12. Nd4 Ne5 13. Nb5 Qb8 14. Bd5 Ng4 15. g3 Nxe3 16. fxe3 a6 17. Nd4 bxc5 18. Rb1 Qa7 {1-0 (51) Karjakin,S (2750)-Vachier Lagrave,M (2778) Saint Louis 2019}) 11... Bb7 12. Qd2 Qd7 13. Bb5 {d5 is the strong threat.White is slightly better.} Rad8 14. d5 Qc7 $146 ({Predecessor:} 14... Qc8 15. Bg5 Qc7 16. Bxc6 Bxc6 17. Qf4 Be5 18. Qh4 f6 {½-½ (52) Javanbakht,N (2406)-Maghsoodloo,P (2411) Urmia 2015}) 15. Bxc6 Bxc6 16. Bh6 e6 {[%cal Re6d5]} 17. Bxg7 Kxg7 18. c4 {[%cal Bc3c4,Bc4d5][%mdl 32] aiming for Qb2+.} exd5 19. cxd5 {And now Qb2+ would win.} Bb7 20. Rfd1 Qe7 21. f3 Kg8 22. Nf4 Qe5 23. a4 {[%cal Ba2a4,Ba4a5,Ba5a6][%mdl 32]} Rd6 24. Nd3 Qd4+ 25. Kh1 f5 26. Qa2 $1 {Hoping for Nxc5.} Qg7 27. a5 g5 28. a6 Ba8 29. Nb2 ({White should try} 29. Qc4 $14) 29... fxe4 30. Nc4 $36 {[%mdl 2048] White has some pressure.} Rdf6 31. fxe4 Rf2 32. Qa1 Qg6 (32... Qxa1 $11 33. Rxa1 b5) 33. Re1 Qh5 (33... b5 $14 34. Ne5 Qg7) 34. Ne5 ({White should play} 34. Ne3 $16) 34... R8f4 $2 (34... Qh4 $1 $11 {and Black stays safe.} 35. Nd3 Rxg2 36. Kxg2 Qg4+ 37. Kh1 Qf3+ {[%mdl 64] Double Attack} 38. Kg1 Qg4+ 39. Kh1 Qf3+ {[%mdl 64] Double Attack} 40. Kg1 Qg4+ 41. Kh1) 35. Qc3 $18 g4 $2 (35... Re2) 36. Kg1 Ra2 37. Ra1 Raf2 38. Rac1 (38. Nd3 $142 R4f3 39. Qc1) 38... Ra2 $1 {White must now prevent ...Rff2.} 39. Ra1 $2 (39. Nd3 $1 {[%cal Rd3f4]} Rf7 40. Qc4) 39... Raf2 40. Rad1 Ra2 {Threatens to win with ...Rff2.} 41. Rf1 Rxe4 42. Nd7 {[%csl Gd7][%cal Rf1f8]} Rxg2+ 43. Kxg2 {[%csl Gd7][%cal Rf1f8]} Re2+ 44. Rf2 Bxd5+ 45. Kg1 {[%csl Gd7][%cal Rf2f8]} Rxf2 46. Kxf2 {Threatening mate with Nf6+!} ({Weaker is} 46. Nf6+ Rxf6 $1 {[%mdl 512]} 47. Qxf6 g3 $11) 46... Qxh2+ {[#]} 47. Ke1 $2 ({Only move:} 47. Ke3 $1 $18 Qh6+ 48. Kd3 Qg6+ 49. Kd2) 47... Bf3 $1 $11 {[%csl Gf3][%cal Rh2e2]} 48. Qc4+ Kg7 {( -> ...Qg1+)} 49. Qc3+ Kg8 $1 {[%csl Gf3][%cal Rh2e2]} 50. Nf6+ Kf7 {[%csl Gf3][%cal Rh2e2]} 51. Rd7+ Kg6 {[%csl Gf3][%cal Rh2e2]} 52. Rg7+ Kf5 {[%csl Gf3][%cal Rh2e2]} 53. Qd3+ Kxf6 54. Rxh7 $2 {[%mdl 8192]} (54. Qc3+ $11 Ke6 55. Qe3+ Kd6 56. Rxa7) 54... Qg1+ {Black mates.} 55. Kd2 Qd1+ 56. Kc3 {[#]} Qc1+ $1 {Accuracy: White = 59%, Black = 64%.} 0-1

[Event "35th European Club Cup 2019"]
[Site "Ulcinj"]
[Date "2019.11.15"]
[Round "6.5"]
[White "Mikhalevski, Victor"]
[Black "Gnichtel, Gerd"]
[Result "1-0"]
[WhiteElo "2570"]
[BlackElo "2134"]
[Annotator "ChessBase"]
[PlyCount "45"]
[EventDate "2019.11.10"]
[EventType "team-tourn"]
[EventCountry "MNE"]
[SourceTitle "playchess.com"]
[Source "ChessBase"]
[SourceQuality "1"]
[WhiteTeam "Beer Sheva"]
[BlackTeam "De Sprenger Echternach"]
[TimeControl "40/5400+30:1800+30"]

1. d4 {[%emt 0:00:00]} d5 {[%emt 0:00:02]} 2. c4 {[%emt 0:00:00]} c6 {[%emt 0:00:14]} 3. Nf3 {[%emt 0:00:29]} Nf6 {[%emt 0:00:10]} 4. Nc3 {[%emt 0:00:08]} dxc4 {[%emt 0:06:23]} 5. a4 {[%emt 0:00:07]} Bf5 {[%emt 0:01:00]} 6. Ne5 {[%emt 0:00:17]} Nbd7 {[%emt 0:11:49]} 7. Nxc4 {[%emt 0:00:33]} e6 {[%emt 0:00:44]} 8. f3 {[%emt 0:00:43]} Bb4 {[%emt 0:01:11]} 9. e4 {[%emt 0:00:15]} Bg6 {[%emt 0:08:17]} 10. Be2 {[%emt 0:03:51]} O-O {[%emt 0:08:38]} 11. O-O {[%emt 0:00:21]} Nb6 {[%emt 0:02:35]} 12. Ne5 {[%emt 0:00:57]} c5 {[%emt 0:03:23]} 13. Na2 {[%emt 0:02:12]} Qe7 {[%emt 0:07:44]} 14. Nxb4 {[%emt 0:01:39]} cxb4 {[%emt 0:00:13]} 15. Bg5 {[%emt 0:01:34]} Nbd7 {[%emt 0:02:54]} 16. Nxg6 {[%emt 0:05:25]} hxg6 {[%emt 0:03:17]} 17. e5 {[%emt 0:00:06]} Nxe5 {[%emt 0:00:24]} 18. dxe5 {[%emt 0:00:05]} Qc5+ {[%emt 0:00:29]} 19. Kh1 {[%emt 0:00:06]} Qxe5 {[%emt 0:01:06]} 20. Bxf6 {[%emt 0:00:57]} gxf6 {[%emt 0:00:23]} 21. b3 {[%emt 0:00:32]} g5 {[%emt 0:04:18]} 22. Bc4 {[%emt 0:00:32]} Kg7 {[%emt 0:00:32]} 23. f4 {[%emt 0:01:17]} 1-0

[Event "35th European Club Cup 2019"]
[Site "Ulcinj"]
[Date "2019.11.15"]
[Round "6.5"]
[White "De Schampheleire, Glen"]
[Black "Sebenik, Matej"]
[Result "0-1"]
[WhiteElo "2359"]
[BlackElo "2512"]
[Annotator "ChessBase"]
[PlyCount "98"]
[EventDate "2019.11.10"]
[EventType "team-tourn"]
[EventCountry "MNE"]
[SourceTitle "playchess.com"]
[Source "ChessBase"]
[SourceQuality "1"]
[WhiteTeam "HWP Sas van Gent"]
[BlackTeam "Feffernitz"]
[TimeControl "40/5400+30:1800+30"]

1. Nf3 {[%emt 0:00:00]} g6 {[%emt 0:00:20]} 2. c4 {[%emt 0:02:30]} Bg7 {[%emt 0:00:20]} 3. Nc3 {[%emt 0:00:08]} Nf6 {[%emt 0:00:57]} 4. g3 {[%emt 0:05:15]} d6 {[%emt 0:01:10]} 5. Bg2 {[%emt 0:00:29]} O-O {[%emt 0:00:13]} 6. O-O {[%emt 0:00:06]} e5 {[%emt 0:00:05]} 7. d4 {[%emt 0:00:51]} Nbd7 {[%emt 0:00:34]} 8. Qc2 {[%emt 0:03:21]} Re8 {[%emt 0:02:19]} 9. Rd1 {[%emt 0:00:15]} c6 {[%emt 0:00:50]} 10. b3 {[%emt 0:03:42]} a5 {[%emt 0:28:26]} 11. Ba3 {[%emt 0:10:03]} Bf8 {[%emt 0:00:17]} 12. dxe5 {[%emt 0:02:16]} dxe5 {[%emt 0:00:15]} 13. Bxf8 {[%emt 0:00:11]} Kxf8 {[%emt 0:00:04]} 14. Ng5 {[%emt 0:00:24]} Qe7 {[%emt 0:01:15]} 15. Na4 {[%emt 0:21:01]} Nc5 {[%emt 0:03:36]} 16. Nb6 {[%emt 0:10:35]} Ra6 {[%emt 0:17:22]} 17. Nxc8 {[%emt 0:00:21]} Rxc8 {[%emt 0:00:03]} 18. Qc3 {[%emt 0:02:50]} Raa8 {[%emt 0:01:55]} 19. h4 {[%emt 0:07:20]} Re8 {[%emt 0:01:56]} 20. Bh3 {[%emt 0:02:55]} Kg8 {[%emt 0:05:21]} 21. Qe3 {[%emt 0:04:44]} e4 {[%emt 0:06:47]} 22. Bg2 {[%emt 0:00:32]} Qe5 {[%emt 0:00:05]} 23. Qd4 {[%emt 0:04:06]} Qxd4 {[%emt 0:20:18]} 24. Rxd4 {[%emt 0:00:07]} h6 {[%emt 0:00:03]} 25. Nh3 {[%emt 0:00:10]} Red8 {[%emt 0:00:06]} 26. Rdd1 {[%emt 0:04:54]} Kf8 {[%emt 0:02:02]} 27. Kf1 {[%emt 0:05:43]} Ke7 {[%emt 0:01:23]} 28. e3 {[%emt 0:02:18]} Ng4 {[%emt 0:00:20]} 29. Rd4 {[%emt 0:01:57]} f5 {[%emt 0:00:29]} 30. Rad1 {[%emt 0:03:57]} a4 {[%emt 0:01:57]} 31. Nf4 {[%emt 0:00:47]} Ne5 {[%emt 0:00:56]} 32. b4 {[%emt 0:00:09]} Ncd3 {[%emt 0:01:07]} 33. c5 {[%emt 0:00:40]} a3 {[%emt 0:00:51]} 34. Rd6 {[%emt 0:00:52]} Rxd6 {[%emt 0:01:14]} 35. cxd6+ {[%emt 0:00:01]} Kxd6 {[%emt 0:00:09]} 36. f3 {[%emt 0:00:13]} Kc7 {[%emt 0:01:14]} 37. fxe4 {[%emt 0:00:07]} fxe4 {[%emt 0:00:05]} 38. Bxe4 {[%emt 0:00:14]} Nxb4 {[%emt 0:00:09]} 39. Ne6+ {[%emt 0:01:21]} Kb6 {[%emt 0:00:06]} 40. Rb1 {[%emt 0:00:00]} c5 {[%emt 0:00:00]} 41. Nf4 {[%emt 0:04:17]} Kc7 {[%emt 0:07:54]} 42. Nd5+ {[%emt 0:01:45]} Nxd5 {[%emt 0:00:40]} 43. Bxd5 {[%emt 0:00:06]} Nc6 {[%emt 0:03:03]} 44. Ke2 {[%emt 0:02:09]} Nb4 {[%emt 0:00:06]} 45. Bc4 {[%emt 0:00:19]} b5 {[%emt 0:00:37]} 46. Bxb5 {[%emt 0:02:47]} Nxa2 {[%emt 0:00:12]} 47. Kd3 {[%emt 0:00:08]} Nb4+ {[%emt 0:00:25]} 48. Kc3 {[%emt 0:00:09]} a2 {[%emt 0:00:11]} 49. Ra1 {[%emt 0:00:12]} Ra3+ {[%emt 0:00:08] Kd4} 0-1

[Event "35th European Club Cup 2019"]
[Site "Ulcinj"]
[Date "2019.11.15"]
[Round "6.5"]
[White "Van Wissen, Michiel"]
[Black "Kisic, Jovan"]
[Result "1-0"]
[WhiteElo "2289"]
[BlackElo "1780"]
[Annotator "NA"]
[PlyCount "67"]
[EventDate "2019.11.10"]
[EventType "team-tourn"]
[EventCountry "MNE"]
[SourceTitle "playchess.com"]
[Source "ChessBase"]
[SourceQuality "1"]
[WhiteTeam "LSG IntelliMagic"]
[BlackTeam "Itaka"]
[TimeControl "40/5400+30:1800+30"]

1. e4 {[%emt 0:00:00]} c5 {[%emt 0:00:17]} 2. Nf3 {[%emt 0:00:00]} d6 {[%emt 0:00:37]} 3. Bb5+ {[%emt 0:04:05]} Bd7 {[%emt 0:03:42]} 4. Bxd7+ {[%emt 0:00:45]} Qxd7 {[%emt 0:01:26]} 5. O-O {[%emt 0:00:54]} Nc6 {[%emt 0:04:13]} 6. c3 {[%emt 0:04:18]} Nf6 {[%emt 0:03:36]} 7. Re1 {[%emt 0:01:32]} e6 {[%emt 0:04:37]} 8. d4 {[%emt 0:00:30]} cxd4 {[%emt 0:01:22]} 9. cxd4 {[%emt 0:02:17]} d5 {[%emt 0:00:34]} 10. e5 {[%emt 0:00:34]} Ne4 {[%emt 0:02:28]} 11. Nc3 {[%emt 0:07:50]} Nxc3 {[%emt 0:06:30]} 12. bxc3 {[%emt 0:01:10]} h6 {[%emt 0:02:23]} 13. Qd3 {[%emt 0:05:28]} Be7 {[%emt 0:04:28]} 14. h4 {[%emt 0:16:40]} O-O-O {[%emt 0:04:42]} 15. Be3 {[%emt 0:00:30]} Na5 {[%emt 0:06:10]} 16. a4 {[%emt 0:02:40]} Kb8 {[%emt 0:02:41]} 17. Reb1 {[%emt 0:06:02]} Nc4 {[%emt 0:03:49]} 18. a5 {[%emt 0:02:38]} Rc8 {[%emt 0:05:12]} 19. a6 {[%emt 0:05:10]} b6 {[%emt 0:00:26]} 20. Bc1 {[%emt 0:11:33]} Rc7 {[%emt 0:01:59]} 21. h5 {[%emt 0:04:00]} Ka8 {[%emt 0:03:47]} 22. g3 {[%emt 0:06:16]} Kb8 {[%emt 0:05:18]} 23. Kg2 {[%emt 0:00:38]} f5 {[%emt 0:04:12]} 24. exf6 {[%emt 0:02:39]} gxf6 {[%emt 0:02:21]} 25. Qg6 {[%emt 0:01:55]} Nd6 {[%emt 0:03:23]} 26. Bxh6 {[%emt 0:01:16]} Nf5 {[%emt 0:03:29]} 27. Bf4 {[%emt 0:01:43]} Bd6 {[%emt 0:01:04]} 28. Bxd6 {[%emt 0:03:10]} Qxd6 {[%emt 0:01:11]} 29. Qxf6 {[%emt 0:00:58]} Rxh5 {[%emt 0:00:46]} 30. Rh1 {[%emt 0:02:21]} Rhh7 {[%emt 0:09:21]} 31. Rxh7 {[%emt 0:01:21]} Rxh7 {[%emt 0:00:08]} 32. Re1 {[%emt 0:01:11]} Re7 {[%emt 0:02:51]} 33. Qf8+ {[%emt 0:01:45]} Kc7 {[%emt 0:00:29]} 34. Qa8 {[%emt 0:00:27]} 1-0

[Event "35th European Club Cup 2019"]
[Site "Ulcinj"]
[Date "2019.11.15"]
[Round "6.6"]
[White "Saric, Ivan"]
[Black "Ponkratov, Pavel"]
[Result "1/2-1/2"]
[WhiteElo "2650"]
[BlackElo "2619"]
[Annotator "TA"]
[PlyCount "64"]
[EventDate "2019.11.10"]
[EventType "team-tourn"]
[EventCountry "MNE"]
[SourceTitle "playchess.com"]
[Source "ChessBase"]
[SourceQuality "1"]
[WhiteTeam "Padova"]
[BlackTeam "Mednyi Vsadnik"]

{[%evp 9,64,10,30,17,35,30,52,43,52,35,33,30,28,31,33,33,16,6,17,12,13,0,-7,0,0,-20,5,0,22,20,25,-14,-21,-14,0,0,0,0,0,0,0,-66,-66,-66,-66,-65,-68,-97,-104,-93,-75,-86,0,-55,0,-59,0]} 1. e4 e6 2. d4 d5 3. Nc3 Bb4 4. e5 b6 5. h4 Qd7 6. h5 {C16: French: 3 Nc3 Bb4 4 e5: Lines without ...c5} h6 7. Rh3 Ba6 8. Bxa6 {White is slightly better.} Nxa6 9. Qe2 Nb8 10. a3 Bxc3+ $146 ({Predecessor:} 10... Bf8 11. f4 c5 12. Nf3 Nc6 {1-0 (34) Saric,I (2575)-Martinovic,S (2483) Zadar 2009}) 11. Rxc3 Ne7 12. Nf3 Nbc6 13. g4 O-O-O 14. Be3 f5 15. exf6 gxf6 {With the idea ...e5.} 16. O-O-O {[%cal Ba1d1,Bd1d4,Bd4g4][%mdl 32]} e5 17. Nh4 Rhg8 18. f3 exd4 19. Bxd4 f5 20. gxf5 {[#] Threatens to win with f6.} Nxd4 21. Rxd4 Rg1+ 22. Kd2 $1 Nc6 $36 {[%mdl 2048] Black has some pressure.} 23. Rg4 d4 24. Rd3 Re8 25. Qxe8+ ({Better is} 25. Re4 $1 $11 Rd8 26. Rf4) 25... Qxe8 $15 {[%csl Gg1][%cal Re8e1] [#]} 26. Rxg1 Qxh5 27. Rg4 Kb7 {[%mdl 1024] Black has compensation.} 28. Re4 Qg5+ 29. Kd1 Qg1+ 30. Re1 Qg5 31. Re4 $1 Qg1+ 32. Re1 Qg5 {Accuracy: White = 55%, Black = 54%.} (32... Qf2 $15 33. Rh1 (33. Ng6 Qg3 $17) 33... Qg3) 1/2-1/2

[Event "35th European Club Cup 2019"]
[Site "Ulcinj"]
[Date "2019.11.15"]
[Round "6.6"]
[White "Damjanovic, Vladimir"]
[Black "Van Ketel, Raoul"]
[Result "1-0"]
[WhiteElo "2398"]
[BlackElo "2212"]
[Annotator "NA"]
[PlyCount "104"]
[EventDate "2019.11.10"]
[EventType "team-tourn"]
[EventCountry "MNE"]
[SourceTitle "playchess.com"]
[Source "ChessBase"]
[SourceQuality "1"]
[WhiteTeam "Itaka"]
[BlackTeam "LSG IntelliMagic"]
[TimeControl "40/5400+30:1800+30"]

1. Nf3 {[%emt 0:00:00]} Nf6 {[%emt 0:00:08]} 2. g3 {[%emt 0:00:07]} d5 {[%emt 0:00:27]} 3. Bg2 {[%emt 0:00:10]} e6 {[%emt 0:00:19]} 4. O-O {[%emt 0:00:48]} Be7 {[%emt 0:00:21]} 5. c4 {[%emt 0:00:38]} O-O {[%emt 0:00:50]} 6. b3 {[%emt 0:00:43]} c5 {[%emt 0:00:59]} 7. Bb2 {[%emt 0:01:37]} Nc6 {[%emt 0:01:33]} 8. cxd5 {[%emt 0:02:07]} exd5 {[%emt 0:07:41]} 9. d4 {[%emt 0:00:39]} Bg4 {[%emt 0:03:42]} 10. Ne5 {[%emt 0:08:11]} Be6 {[%emt 0:18:19]} 11. Nxc6 {[%emt 0:02:21]} bxc6 {[%emt 0:00:10]} 12. dxc5 {[%emt 0:01:19]} Bxc5 {[%emt 0:08:22]} 13. Nc3 {[%emt 0:01:05]} Re8 {[%emt 0:02:07]} 14. Rc1 {[%emt 0:00:53]} Rc8 {[%emt 0:00:30]} 15. Na4 {[%emt 0:00:30]} Bf8 {[%emt 0:00:30]} 16. Qd4 {[%emt 0:00:30]} Qa5 {[%emt 0:00:30]} 17. Nc5 {[%emt 0:00:30]} Bf5 {[%emt 0:00:30]} 18. b4 {[%emt 0:00:30]} Qb6 {[%emt 0:00:30]} 19. Qf4 {[%emt 0:00:30]} Be6 {[%emt 0:00:30]} 20. Bxf6 {[%emt 0:00:30]} gxf6 {[%emt 0:00:30]} 21. a3 {[%emt 0:00:30]} Bg7 {[%emt 0:00:30]} 22. e4 {[%emt 0:00:30]} Rcd8 {[%emt 0:00:30]} 23. Rfd1 {[%emt 0:00:30]} Re7 {[%emt 0:00:30]} 24. exd5 {[%emt 0:00:30]} cxd5 {[%emt 0:48:15]} 25. Rc2 {[%emt 0:45:08]} f5 {[%emt 0:00:30]} 26. Bh3 {[%emt 0:00:30]} Qd6 {[%emt 0:00:30]} 27. Qh4 {[%emt 0:00:30]} h6 {[%emt 0:00:30]} 28. Nd3 {[%emt 0:00:30]} d4 {[%emt 0:01:17]} 29. Rc5 {[%emt 0:10:10]} Rde8 {[%emt 0:00:30]} 30. Bxf5 {[%emt 0:03:29]} Bxf5 {[%emt 0:00:46]} 31. Rxf5 {[%emt 0:00:09]} Qe6 {[%emt 0:00:30]} 32. Qg4 {[%emt 0:00:30]} Qb3 {[%emt 0:00:30]} 33. Nf4 {[%emt 0:00:30]} Re1+ {[%emt 0:00:30]} 34. Rxe1 {[%emt 0:00:30]} Rxe1+ {[%emt 0:00:30]} 35. Kg2 {[%emt 0:00:30]} Qc4 {[%emt 0:00:30]} 36. Kh3 {[%emt 0:00:30]} Qf1+ {[%emt 0:00:30]} 37. Kh4 {[%emt 0:00:30]} Qh1 {[%emt 0:00:30]} 38. h3 {[%emt 0:00:30]} Qe4 {[%emt 0:00:30]} 39. Nh5 {[%emt 0:00:30]} Qxg4+ {[%emt 0:00:30]} 40. Kxg4 {[%emt 0:00:30]} Ra1 {[%emt 0:00:30]} 41. Nxg7 {[%emt 0:30:30]} Kxg7 {[%emt 0:04:41]} 42. Rf3 {[%emt 0:00:00]} Ra2 {[%emt 0:00:30]} 43. Kf5 {[%emt 0:00:00]} Re2 {[%emt 0:03:03]} 44. g4 {[%emt 0:00:00]} f6 {[%emt 0:02:57]} 45. Rd3 {[%emt 0:00:00]} Rxf2+ {[%emt 0:00:30]} 46. Ke4 {[%emt 0:00:00]} Rc2 {[%emt 0:00:30]} 47. Kxd4 {[%emt 0:00:00]} Rc7 {[%emt 0:00:30]} 48. b5 {[%emt 0:00:00]} Kg6 {[%emt 0:00:30]} 49. a4 {[%emt 0:00:00]} Rc1 {[%emt 0:11:51]} 50. Ra3 {[%emt 0:03:21]} f5 {[%emt 0:00:30]} 51. gxf5+ {[%emt 0:00:30]} Kxf5 {[%emt 0:00:30]} 52. a5 {[%emt 0:00:30]} Ke6 {[%emt 0:00:30]} 1-0

[Event "35th European Club Cup 2019"]
[Site "Ulcinj"]
[Date "2019.11.15"]
[Round "6.6"]
[White "Pacher, Simon"]
[Black "Piceu, Tom"]
[Result "1/2-1/2"]
[WhiteElo "2072"]
[BlackElo "2354"]
[Annotator "NA"]
[PlyCount "130"]
[EventDate "2019.11.10"]
[EventType "team-tourn"]
[EventCountry "MNE"]
[SourceTitle "playchess.com"]
[Source "ChessBase"]
[SourceQuality "1"]
[WhiteTeam "Feffernitz"]
[BlackTeam "HWP Sas van Gent"]
[TimeControl "40/5400+30:1800+30"]

1. e4 c5 2. Nf3 d6 3. d4 cxd4 4. Nxd4 Nf6 5. Nc3 a6 6. Bg5 e6 7. f4 Be7 8. Qe2 O-O 9. O-O-O Nbd7 10. g4 Qc7 11. h4 b5 12. a3 Bb7 13. Rh3 Rac8 14. Kb1 Rfe8 15. Re3 Bf8 16. Bxf6 Nxf6 17. g5 Nd7 18. h5 e5 19. fxe5 Nxe5 20. Bh3 Rcd8 21. g6 hxg6 22. hxg6 Nxg6 23. Bf5 Ne5 24. Bh7+ Kxh7 25. Qh5+ Kg8 26. Rh3 f6 27. Nf5 Qc5 28. Rg3 Nf7 29. Nd5 Bxd5 30. Rxg7+ Bxg7 31. Qg6 Ba2+ 32. Kxa2 Qxf5 33. exf5 Ne5 34. Qh5 Re7 35. Rg1 Rc8 36. Qd1 Nf7 37. Qg4 Ng5 38. Qd1 Nf7 39. Qg4 Ne5 40. Qd1 Nc4 41. b3 Ne3 42. Qxd6 Rxc2+ 43. Kb1 Rcc7 44. Qxa6 Nxf5 45. Qxb5 Nd6 46. Qd5+ Nf7 47. b4 Re2 48. Qa8+ Kh7 49. Qf3 Rce7 50. Qf5+ Kh8 51. Qc8+ Re8 52. Qg4 Ng5 53. Qc4 Rh2 54. Qc6 Ree2 55. Rh1 Rb2+ 56. Kc1 Rbc2+ 57. Qxc2 Rxh1+ 58. Kb2 Rh3 59. Ka2 Bf8 60. Qg6 Rf3 61. Kb2 Bg7 62. Qe8+ Kh7 63. Qh5+ Kg8 64. Qe8+ Kh7 65. Qh5+ Kg8 1/2-1/2

[Event "35th European Club Cup 2019"]
[Site "Ulcinj"]
[Date "2019.11.15"]
[Round "6.6"]
[White "Wambach, Patrick"]
[Black "Greenfeld, Alon"]
[Result "0-1"]
[WhiteElo "1988"]
[BlackElo "2513"]
[Annotator "ChessBase"]
[PlyCount "88"]
[EventDate "2019.11.10"]
[EventType "team-tourn"]
[EventCountry "MNE"]
[SourceTitle "playchess.com"]
[Source "ChessBase"]
[SourceQuality "1"]
[WhiteTeam "De Sprenger Echternach"]
[BlackTeam "Beer Sheva"]
[TimeControl "40/5400+30:1800+30"]

1. Nf3 {[%emt 0:00:00]} d5 {[%emt 0:01:05]} 2. c4 {[%emt 0:00:38]} d4 {[%emt 0:00:51]} 3. d3 {[%emt 0:02:15]} Nc6 {[%emt 0:01:22]} 4. g3 {[%emt 0:00:32]} e5 {[%emt 0:00:42]} 5. Bg2 {[%emt 0:00:52]} Bb4+ {[%emt 0:01:51]} 6. Bd2 {[%emt 0:01:25]} a5 {[%emt 0:00:08]} 7. O-O {[%emt 0:04:50]} Nf6 {[%emt 0:01:37]} 8. a3 {[%emt 0:02:11]} Be7 {[%emt 0:02:04]} 9. Bg5 {[%emt 0:02:25]} O-O {[%emt 0:02:56]} 10. Nbd2 {[%emt 0:01:49]} a4 {[%emt 0:01:42]} 11. b4 {[%emt 0:08:42]} axb3 {[%emt 0:00:13]} 12. Qxb3 {[%emt 0:00:06]} Nd7 {[%emt 0:05:38]} 13. Bxe7 {[%emt 0:11:03]} Qxe7 {[%emt 0:00:37]} 14. Rfb1 {[%emt 0:01:55]} Nc5 {[%emt 0:00:26]} 15. Qc2 {[%emt 0:00:18]} Ra7 {[%emt 0:03:14]} 16. a4 {[%emt 0:12:41]} Bd7 {[%emt 0:03:55]} 17. Rb5 {[%emt 0:07:55]} Rfa8 {[%emt 0:04:16]} 18. Ne4 {[%emt 0:10:19]} Nxe4 {[%emt 0:05:12]} 19. dxe4 {[%emt 0:00:02]} Nb4 {[%emt 0:00:38]} 20. Rxb4 {[%emt 0:02:27]} Qxb4 {[%emt 0:00:08]} 21. Nxe5 {[%emt 0:01:41]} Rxa4 {[%emt 0:05:26]} 22. Rxa4 {[%emt 0:05:33]} Bxa4 {[%emt 0:06:47]} 23. Qc1 {[%emt 0:00:23]} Be8 {[%emt 0:04:25]} 24. Bh3 {[%emt 0:02:32]} Qc3 {[%emt 0:06:06]} 25. Qf4 {[%emt 0:00:21]} Qe1+ {[%emt 0:05:47]} 26. Kg2 {[%emt 0:00:13]} Qxe2 {[%emt 0:00:37]} 27. Bg4 {[%emt 0:06:24]} Qc2 {[%emt 0:02:11]} 28. Bh5 {[%emt 0:02:59]} f6 {[%emt 0:02:54]} 29. Bxe8 {[%emt 0:00:52]} Rxe8 {[%emt 0:00:17]} 30. Nf3 {[%emt 0:00:24]} Qxc4 {[%emt 0:02:20]} 31. Qf5 {[%emt 0:01:24]} Qe6 {[%emt 0:00:50]} 32. Qc5 {[%emt 0:00:39]} Qxe4 {[%emt 0:01:52]} 33. Qxc7 {[%emt 0:00:18]} g5 {[%emt 0:02:03]} 34. h3 {[%emt 0:01:08]} h5 {[%emt 0:00:31]} 35. Qc4+ {[%emt 0:00:31]} Kg7 {[%emt 0:00:29]} 36. Qxd4 {[%emt 0:00:48]} g4 {[%emt 0:01:21]} 37. hxg4 {[%emt 0:00:43]} hxg4 {[%emt 0:00:07]} 38. Qxe4 {[%emt 0:00:34]} Rxe4 {[%emt 0:00:06]} 39. Nd2 {[%emt 0:00:27]} Re1 {[%emt 0:02:21]} 40. Nb3 {[%emt 0:00:00]} b5 {[%emt 0:00:00]} 41. Nd4 {[%emt 0:00:51]} b4 {[%emt 0:01:15]} 42. f3 {[%emt 0:00:29]} Rd1 {[%emt 0:00:41]} 43. Nf5+ {[%emt 0:00:18]} Kf8 {[%emt 0:00:28]} 44. fxg4 {[%emt 0:00:15]} b3 {[%emt 0:00:27]} 0-1